Albert Einstein e seu universo inflável (Record no. 109094)

MARC details
000 -LÍDER
campo de controle de tamanho fixo 00604 a2200229 4500
001 - NÚMERO DE CONTROLE
campo de controle 109094
020 ## - ISBN - INTERNATIONAL STANDARD BOOK NUMBER
ISBN - International Standard Book Number 9788535902945
041 ## - CÓDIGO DE IDIOMA
Código do idioma do texto/trilha sonora ou título diferente por
082 ## - CDD - CLASSIFICAÇÃO DECIMAL DE DEWEY
Número de Classificação P Year 5 028
040 ## - FONTE DA CATALOGAÇÃO
Instituição da catalogação original BR-BrIDEA
Instituição que transcreveu o registro BR-BrIDEA
090 ## - NÚMERO DE CHAMADA LOCAL
Número de chamada (OCLC) (R); Número de chamada, CALL (RLIN) (NR) P Year 5 028
Número Cutter local (OCLC); Número de classificação do livro, CALL (RLIN) GOL
100 ## - ENTRADA PRINCIPAL--NOME PESSOAL
Nome pessoal Goldsmith, Mike.
245 10 - TÍTULO
Título Albert Einstein e seu universo inflável
Indicação de responsabilidade, etc. Mike Goldsmith
260 ## - PUBLICAÇÃO, DISTRIBUIÇÃO, ETC.
Local de publicação, distribuição, etc. [s.l.]
Nome do editor, distribuidor, etc. Companhia das Letras
Data da publicação, distribuição, etc. 2010
490 ## - TÍTULO DA SÉRIE
Título da série Mortos de Fama
697 ## - ENTRADA DE ASSUNTO LOCAL--ENTIDADE COLETIVA (RLIN)
Nome corporativo ou nome da jurisdição Literatura infantojuvenil.
697 ## - ENTRADA DE ASSUNTO LOCAL--ENTIDADE COLETIVA (RLIN)
Nome corporativo ou nome da jurisdição Albert Einstein.
697 ## - ENTRADA DE ASSUNTO LOCAL--ENTIDADE COLETIVA (RLIN)
Nome corporativo ou nome da jurisdição Biografia.
830 ## - ENTRADA SECUNDÁRIA DE SÉRIE--TÍTULO UNIFORME
Título uniforme Mortos de Fama
856 ## - LOCALIZAÇÃO ELETRÔNICA E ACESSO
Uniform Resource Identifier <a href="000007/0000071f.jpg">000007/0000071f.jpg</a>
942 ## - ELEMENTOS DE ENTRADA ADICIONADOS (KOHA)
Tipo de material Koha Livros
Holdings
Situação do descarte Situação das perdas Fonte da classificação ou esquema de arquivamento na estante Situação física Não pode ser emprestado Biblioteca de origem Biblioteca atual Data de aquisição Total de empréstimos Número de chamada completo Código de barras Data de último acesso Data do preço efetivo Tipo de material Koha Data do último empréstimo Devolução em
          Canadian School of Niterói - Piratininga Canadian School of Niterói - Piratininga 09/02/2024   GOL A10397 09/02/2024 09/02/2024 Livros    
          Canadian School of Niterói - Piratininga Canadian School of Niterói - Piratininga 09/02/2024   GOL A10398 13/06/2024 09/02/2024 Livros    
    Classificação Decimal de Dewey     ECB - SUDOESTE ECB - SUDOESTE 01/02/2016 4 P Year 5 028 00019533SSW 03/06/2024 23/01/2024 Livros 27/05/2024  
    Classificação Decimal de Dewey     ECB - SUDOESTE ECB - SUDOESTE 31/01/2017 4 P Year 5 028 00027240SSW 03/05/2024 23/01/2024 Livros 15/04/2024  
    Classificação Decimal de Dewey     ECB - SUDOESTE ECB - SUDOESTE 31/01/2017   P Year 5 028 00027239SSW 23/01/2024 23/01/2024 Livros    
    Classificação Decimal de Dewey     ECB - SUDOESTE ECB - SUDOESTE 31/01/2017   P Year 5 028 00027241SSW 23/01/2024 23/01/2024 Livros    
    Classificação Decimal de Dewey     ECB - ÁGUAS CLARAS ECB - ÁGUAS CLARAS 01/02/2016   AP Year 5 028 GOL 00019535AGC 26/04/2024 23/01/2024 Livros    
    Classificação Decimal de Dewey     ECB - ÁGUAS CLARAS ECB - ÁGUAS CLARAS 01/02/2016 4 AP Year 5 028 GOL 00019534AGC 23/09/2024 23/01/2024 Livros 19/07/2024  
    Classificação Decimal de Dewey     ECB - ÁGUAS CLARAS ECB - ÁGUAS CLARAS 25/05/2018 2 AP Year 5 028 GOL 00036977AGC 19/07/2024 23/01/2024 Livros 19/07/2024 17/09/2024